000 00266nam a22000977a 4500
999 _c11309
_d11309
008 190208b ||||| |||| 00| 0 eng d
020 _a9780736034241
100 _aHoffman
_97050
245 _aPhysiological Aspects of Sport Training
260 _aUSA
_bHuman Kinetics
_c2002